| 000 -LEADER |
| fixed length control field |
00547nam a22001817a 4500 |
| 008 - FIXED-LENGTH DATA ELEMENTS--GENERAL INFORMATION |
| fixed length control field |
150923b xxu||||| |||| 00| 0 eng d |
| 020 ## - INTERNATIONAL STANDARD BOOK NUMBER |
| International Standard Book Number |
0072988975 (alk. paper) |
| 041 0# - LANGUAGE CODE |
| Language code of text/sound track or separate title |
eng |
| 080 ## - UNIVERSAL DECIMAL CLASSIFICATION NUMBER |
| Universal Decimal Classification number |
658.3 |
| 100 1# - Rafti |
| Rafti |
Martocchio, Joseph J. |
| 245 10 - TITLE STATEMENT |
| Title |
Employee benefits : |
| Statement of responsibility, etc |
[Joseph J. Martocchio]. |
| 250 ## - |
| -- |
2nd ed. |
| 260 ## - |
| -- |
Boston, MA : |
| -- |
McGraw-Hill/Irwin, |
| -- |
2006. |
| 300 ## - |
| -- |
xiii, 354 f. : |
| -- |
me il.; |
| -- |
23 cm. |
| 650 #0 - |
| -- |
Punonjësit |
| 650 #0 - |
| -- |
Burimet njerëzore |
| 942 ## - ADDED ENTRY ELEMENTS (KOHA) |
| Source of classification or shelving scheme |
|
| Item type |
Books |